000 00712nam a22001937a 4500
003 OSt
005 20260309083047.0
008 260309b |||||||| |||| 00| 0 eng d
020 _a978-621-406-393-2
040 _aDWCL Main lib
_cOC
082 _aFil. 001.4 C626r 2025
100 _aClemente, Paul Timothy A.
245 _a Research writing in tourism and hospitality wit applied data analysis:
_bprofessional research writing handbook for tourism, hospitality, and culinary management.
_cPaul Timothy A. Clemente
260 _aManila, Philippines:
_bMindshapers,
_cc2025.
300 _ax, 525 pages;
_c25 cm.
650 _a1. Research.
650 _a2. Tourism--research.
942 _2ddc
_cBK - FIL
_kFil.
_n0
999 _c8766
_d8766